<?xml version="1.0" encoding="UTF-8"?>
<record
    xmlns:xsi="http://www.w3.org/2001/XMLSchema-instance"
    xsi:schemaLocation="http://www.loc.gov/MARC21/slim http://www.loc.gov/standards/marcxml/schema/MARC21slim.xsd"
    xmlns="http://www.loc.gov/MARC21/slim">

  <leader>00595nam a22001697a 4500</leader>
  <controlfield tag="005">20260203121124.0</controlfield>
  <controlfield tag="008">260203b        |||||||| |||| 00| 0 eng d</controlfield>
  <datafield tag="020" ind1=" " ind2=" ">
    <subfield code="a">978-93-86235-57-2</subfield>
  </datafield>
  <datafield tag="050" ind1=" " ind2=" ">
    <subfield code="a">QD 79 .G 67 2018</subfield>
  </datafield>
  <datafield tag="245" ind1=" " ind2=" ">
    <subfield code="a">ANALYTICAL METHODS:INTERPRETATION, IDENTIFICATION, QUANTIFICATION</subfield>
  </datafield>
  <datafield tag="260" ind1=" " ind2=" ">
    <subfield code="a">CHENNAI,</subfield>
    <subfield code="b">UNIVERSITIES PRESS (INDIA) PRIVATE LIMITED,</subfield>
    <subfield code="c">2018,</subfield>
  </datafield>
  <datafield tag="300" ind1=" " ind2=" ">
    <subfield code="a">Vii, 588 P, ILL</subfield>
  </datafield>
  <datafield tag="500" ind1=" " ind2=" ">
    <subfield code="a">INCLUDES BIBLIOGRAPHICAL REFERENCES AND INDEX</subfield>
  </datafield>
  <datafield tag="650" ind1=" " ind2=" ">
    <subfield code="a">CHEMISTRY, ANALYTIC-METHODOLOGY, CHEMICAL ANALYSIS-QUANTITATIVE</subfield>
  </datafield>
  <datafield tag="700" ind1=" " ind2=" ">
    <subfield code="a">VISWANATHAN K S</subfield>
  </datafield>
  <datafield tag="942" ind1=" " ind2=" ">
    <subfield code="2">lcc</subfield>
    <subfield code="c">BK</subfield>
  </datafield>
  <datafield tag="999" ind1=" " ind2=" ">
    <subfield code="c">216518</subfield>
    <subfield code="d">216518</subfield>
  </datafield>
  <datafield tag="952" ind1=" " ind2=" ">
    <subfield code="0">0</subfield>
    <subfield code="1">0</subfield>
    <subfield code="2">lcc</subfield>
    <subfield code="4">0</subfield>
    <subfield code="6">QD0079 G67  02018</subfield>
    <subfield code="7">0</subfield>
    <subfield code="8">SCT</subfield>
    <subfield code="9">374862</subfield>
    <subfield code="a">KSUL</subfield>
    <subfield code="b">KSUL</subfield>
    <subfield code="c">DISPLAY</subfield>
    <subfield code="d">2026-02-03</subfield>
    <subfield code="i">111674</subfield>
    <subfield code="l">0</subfield>
    <subfield code="o">QD 79 .G 67 2018</subfield>
    <subfield code="p">50185</subfield>
    <subfield code="r">2026-02-03 12:17:13</subfield>
    <subfield code="t">1</subfield>
    <subfield code="w">2026-02-03</subfield>
    <subfield code="y">BK</subfield>
  </datafield>
  <datafield tag="952" ind1=" " ind2=" ">
    <subfield code="0">0</subfield>
    <subfield code="1">0</subfield>
    <subfield code="2">lcc</subfield>
    <subfield code="4">0</subfield>
    <subfield code="6">QD0079 G67  02018</subfield>
    <subfield code="7">0</subfield>
    <subfield code="8">SCT</subfield>
    <subfield code="9">374863</subfield>
    <subfield code="a">KSUL</subfield>
    <subfield code="b">KSUL</subfield>
    <subfield code="c">DISPLAY</subfield>
    <subfield code="d">2026-02-03</subfield>
    <subfield code="i">111675</subfield>
    <subfield code="l">0</subfield>
    <subfield code="o">QD 79 .G 67 2018</subfield>
    <subfield code="p">50149</subfield>
    <subfield code="r">2026-02-03 12:17:00</subfield>
    <subfield code="t">2</subfield>
    <subfield code="w">2026-02-03</subfield>
    <subfield code="y">BK</subfield>
  </datafield>
  <datafield tag="952" ind1=" " ind2=" ">
    <subfield code="0">0</subfield>
    <subfield code="1">0</subfield>
    <subfield code="2">lcc</subfield>
    <subfield code="4">0</subfield>
    <subfield code="6">QD0079 G67  02018</subfield>
    <subfield code="7">0</subfield>
    <subfield code="8">SCT</subfield>
    <subfield code="9">374864</subfield>
    <subfield code="a">KSUL</subfield>
    <subfield code="b">KSUL</subfield>
    <subfield code="c">DISPLAY</subfield>
    <subfield code="d">2026-02-03</subfield>
    <subfield code="i">111676</subfield>
    <subfield code="l">1</subfield>
    <subfield code="o">QD 79 .G 67 2018</subfield>
    <subfield code="p">50140</subfield>
    <subfield code="r">2026-03-10 12:22:31</subfield>
    <subfield code="s">2026-02-24</subfield>
    <subfield code="t">3</subfield>
    <subfield code="w">2026-02-03</subfield>
    <subfield code="y">BK</subfield>
  </datafield>
  <datafield tag="952" ind1=" " ind2=" ">
    <subfield code="0">0</subfield>
    <subfield code="1">0</subfield>
    <subfield code="2">lcc</subfield>
    <subfield code="4">0</subfield>
    <subfield code="6">QD0079 G67  02018</subfield>
    <subfield code="7">0</subfield>
    <subfield code="8">SCT</subfield>
    <subfield code="9">374865</subfield>
    <subfield code="a">KSUL</subfield>
    <subfield code="b">KSUL</subfield>
    <subfield code="c">DISPLAY</subfield>
    <subfield code="d">2026-02-03</subfield>
    <subfield code="i">111677</subfield>
    <subfield code="l">0</subfield>
    <subfield code="o">QD 79 .G 67 2018</subfield>
    <subfield code="p">50210</subfield>
    <subfield code="r">2026-02-03 12:17:00</subfield>
    <subfield code="t">4</subfield>
    <subfield code="w">2026-02-03</subfield>
    <subfield code="y">BK</subfield>
  </datafield>
  <datafield tag="952" ind1=" " ind2=" ">
    <subfield code="0">0</subfield>
    <subfield code="1">0</subfield>
    <subfield code="2">lcc</subfield>
    <subfield code="4">0</subfield>
    <subfield code="6">QD0079 G67  02018</subfield>
    <subfield code="7">0</subfield>
    <subfield code="8">SCT</subfield>
    <subfield code="9">374866</subfield>
    <subfield code="a">KSUL</subfield>
    <subfield code="b">KSUL</subfield>
    <subfield code="c">DISPLAY</subfield>
    <subfield code="d">2026-02-03</subfield>
    <subfield code="i">111678</subfield>
    <subfield code="l">1</subfield>
    <subfield code="o">QD 79 .G 67 2018</subfield>
    <subfield code="p">50172</subfield>
    <subfield code="r">2026-04-02 15:22:00</subfield>
    <subfield code="s">2026-03-19</subfield>
    <subfield code="t">5</subfield>
    <subfield code="w">2026-02-03</subfield>
    <subfield code="y">BK</subfield>
  </datafield>
  <datafield tag="952" ind1=" " ind2=" ">
    <subfield code="0">0</subfield>
    <subfield code="1">0</subfield>
    <subfield code="2">lcc</subfield>
    <subfield code="4">0</subfield>
    <subfield code="6">QD0079 G67  02018</subfield>
    <subfield code="7">0</subfield>
    <subfield code="8">SCT</subfield>
    <subfield code="9">374867</subfield>
    <subfield code="a">KSUL</subfield>
    <subfield code="b">KSUL</subfield>
    <subfield code="c">DISPLAY</subfield>
    <subfield code="d">2026-02-03</subfield>
    <subfield code="i">111679</subfield>
    <subfield code="l">0</subfield>
    <subfield code="o">QD 79 .G 67 2018</subfield>
    <subfield code="p">50173</subfield>
    <subfield code="r">2026-02-03 12:17:00</subfield>
    <subfield code="t">6</subfield>
    <subfield code="w">2026-02-03</subfield>
    <subfield code="y">BK</subfield>
  </datafield>
  <datafield tag="952" ind1=" " ind2=" ">
    <subfield code="0">0</subfield>
    <subfield code="1">0</subfield>
    <subfield code="2">lcc</subfield>
    <subfield code="4">0</subfield>
    <subfield code="6">QD0079 G67  02018</subfield>
    <subfield code="7">0</subfield>
    <subfield code="8">SCT</subfield>
    <subfield code="9">374868</subfield>
    <subfield code="a">KSUL</subfield>
    <subfield code="b">KSUL</subfield>
    <subfield code="c">DISPLAY</subfield>
    <subfield code="d">2026-02-03</subfield>
    <subfield code="i">111680</subfield>
    <subfield code="l">1</subfield>
    <subfield code="o">QD 79 .G 67 2018</subfield>
    <subfield code="p">50191</subfield>
    <subfield code="r">2026-04-15 18:57:05</subfield>
    <subfield code="s">2026-04-02</subfield>
    <subfield code="t">7</subfield>
    <subfield code="w">2026-02-03</subfield>
    <subfield code="y">BK</subfield>
  </datafield>
  <datafield tag="952" ind1=" " ind2=" ">
    <subfield code="0">0</subfield>
    <subfield code="1">0</subfield>
    <subfield code="2">lcc</subfield>
    <subfield code="4">0</subfield>
    <subfield code="6">QD0079 G67  02018</subfield>
    <subfield code="7">0</subfield>
    <subfield code="8">SCT</subfield>
    <subfield code="9">374869</subfield>
    <subfield code="a">KSUL</subfield>
    <subfield code="b">KSUL</subfield>
    <subfield code="c">DISPLAY</subfield>
    <subfield code="d">2026-02-03</subfield>
    <subfield code="i">111681</subfield>
    <subfield code="l">0</subfield>
    <subfield code="o">QD 79 .G 67 2018</subfield>
    <subfield code="p">50189</subfield>
    <subfield code="r">2026-02-03 12:17:00</subfield>
    <subfield code="t">8</subfield>
    <subfield code="w">2026-02-03</subfield>
    <subfield code="y">BK</subfield>
  </datafield>
</record>
